| 000 | 00870nam a2200265Ia 4500 | ||
|---|---|---|---|
| 003 | OSt | ||
| 005 | 20220930093009.0 | ||
| 006 | a|||||r|||| 00| 0 | ||
| 007 | ta | ||
| 008 | 220926b |||||||| |||| 00| 0 eng d | ||
| 024 | _a28316 | ||
| 037 | _cTheses | ||
| 040 |
_aCRL _cCRL _beng |
||
| 041 |
_2eng _aeng |
||
| 100 |
_aBagchi Debarati _9550312 |
||
| 110 | _aUniversity of Delhi. Faculty of Social Sciences. Department of History | ||
| 245 | 0 | _aMany spaces of sylhet making of a ' regional identity'. 1870s - 1940s | |
| 260 | _c2014 | ||
| 650 | _aHISTORY | ||
| 700 |
_a Dr. Bodhisattva kar Gu. _9550313 |
||
| 700 |
_a Dr. Prabhu Mohapatra Gu. _9550314 |
||
| 700 | _aUniversity of Delhi. Faculty of Social Sciences. Department of History | ||
| 942 |
_cDIS _2CC |
||
| 999 |
_c884643 _d884643 |
||